Chapters in 'The Graveyard Book' Quiz Stats

 Plays Quiz not verified by Sporcle

Challenge
Share
Tweet
Embed
Score 0/8 Timer 05:00
0 Plays Today
Answer % Correct
How Nobody Came to the Graveyard
93.8%
The New Friend
75%
The Hounds of God
75%
Danse Macabre
75%
Every Man Jack
75%
Nobody Owens' School Days
68.8%
The Convocation
62.5%
The Witch's Headstone
62.5%

You're not logged in!

Compare scores with friends on all Sporcle quizzes.
OR
Log In

You Might Also Like...

Show Comments

Extras

Top Quizzes Today


Score Distribution

Your Account Isn't Verified!

In order to create a playlist on Sporcle, you need to verify the email address you used during registration. Go to your Sporcle Settings to finish the process.

Report this User

Report this user for behavior that violates our Community Guidelines.

Details: